| 000 | 01495nam a2200265Ia 4500 | ||
|---|---|---|---|
| 999 |
_c46285 _d46285 |
||
| 001 | 13119 | ||
| 003 | GE_BSU | ||
| 005 | 20240830160411.0 | ||
| 008 | 181216s2014||||ge |||||||||||||| ||geo|| | ||
| 020 | _a9789941051852 | ||
| 040 | _cGE_BSU | ||
| 041 | _ageo | ||
| 080 | _a376+37.037.1 ს-76 | ||
| 245 |
_aსპორტი სპეციალური საჭიროების მქონე მოსწავლეებისათვის : _bგზამკვლევი მასწავლებლებისათვის / _cპ/მგ რედ. თათია პაჭკორია. |
||
| 264 |
_aთბილისი : _bპეტიტი, _c2013. |
||
| 300 |
_a144 გვ. : _bილ. , ცხრ. ; _c23 სმ. |
||
| 490 | _aინკლუზიური განათლება | ||
| 500 | _aმცირე ტერმინოლ. ლექსიკონი : გვ. 136-143 | ||
| 504 | _aბიბლიოგრაფია : გვ. 144 | ||
| 653 | _aსპორტი სპეციალური საჭიროების მქონე მოსწავლეებისათვის | ||
| 653 | _aსპორტული აღზრდა ფიზიკური ნაკლის მქონე ბაშვშვებში | ||
| 653 | _aინკლუზიური განათლება | ||
| 700 |
_aპაჭკორია, თათია _eრედაქტორი _92628 |
||
| 942 |
_cBK _2udc |
||